Humanizmus ako životný postoj výber z diela
Enregistré dans:
| Auteur principal: | |
|---|---|
| Autres auteurs: | |
| Format: | Livre |
| Langue: | slovaque |
| Publié: |
Bratislava
Kalligram
2001
|
| Collection: | Filozofia do vrecka
|
| Sujets: | |
| Tags: |
Pas de tags, Soyez le premier à ajouter un tag!
|
MARC
| LEADER | 00000nam a2200000 4500 | ||
|---|---|---|---|
| 001 | c129685 | ||
| 005 | 20221124103153.3 | ||
| 020 | |a 80-7149-363-5 | ||
| 041 | 0 | |a slo | |
| 044 | |a SK | ||
| 245 | 1 | 0 | |a Humanizmus ako životný postoj |b výber z diela |c Georg Henrik von Wright ; [preklad: Milan Žitný] |
| 264 | 1 | |a Bratislava |b Kalligram |c 2001 | |
| 300 | |a 159 s. | ||
| 490 | 1 | |a Filozofia do vrecka | |
| 830 | 0 | |a Filozofia do vrecka | |
| 610 | 2 | 0 | |a humanizmus |
| 610 | 2 | 0 | |a filozofia |
| 610 | 2 | 0 | |a svet |
| 610 | 2 | 0 | |a veda |
| 610 | 2 | 0 | |a štát |
| 610 | 2 | 0 | |a priemysel |
| 100 | 1 | |a Wright, Georg Henrik von | |
| 700 | 1 | |a Žitný, Milan | |